000 00981nam2a2200265 4500
001 RU\NLR\ONL2\7049
005 20250613130224.0
010 _a5-295-03673-1
_92000
035 _a(NLR Aleph) 009654641
090 _a9584816
_c9584816
100 _a20070521d2005 |||y0rusy50 ca
101 0 _abak
102 _aRU
105 _ac |||||||||
200 0 _aКит. 1-2
210 _d2005
_aБ. м.
215 _a382,[2] б.
_cпортр.
461 0 _1001RU\NLR\ONL2\5902
_12001#$aБөркөт kанаты$eРоман$fКирэй Мэргэн$vКит. 1-2
_1700#1$aМэргэн$bК.$f1912-1984$gКирэй$4070$3RU\NLR\auth-onl\77357
_99580275
_aМэргэн, К. (1912-1984)
_cӨфө
_d2005
_fКирэй Мэргэн
_nКитап
_oРоман
_tБөркөт kанаты
_y5-295-03672-3
_vКит. 1-2
801 0 _aRU
_bNLR
_c20070521
_gPSBO
852 _aNLR
_bОНЛ
_jБашк./3-4816
942 _cBOOK
980 _aNB
980 _aONL_RF